000 01452nam a22003377i 4500
003 DO-SdBNP
005 20240316073902.0
007 ta
008 210301b2020 dr ac||| |||| 00| 0 spa d
020 _a9789993431558
040 _aDO-SdBNP
_bspa
_cBNPHU
_erda
082 4 _a972.9304
_bN964a, 2020
_222
100 1 _aNuñez Polanco, Diómedes
_d1952-
_eautor
_983559
245 1 0 _aAnexionismo y resistencia :
_brelaciones domínico-norteamericanas en tiempos de Grant, Báez y Luperón /
_cDiómedes Núñez Polanco ; cuidado de la edición, Tomás Castro Burdiez ; diseño de portada, Lorenzo García
250 _a4ta. edición
264 _aSanto Domingo :
_bSoto Castillo,
_c2020.
300 _a270 páginas :
_bilustraciones ;
_c24 cm
336 _2rdacontent
_atexto
_btxt
337 _2rdamedia
_asin mediación
_bn
338 _2rdacarrier
_avolumen
_bnc
500 _aIncluye datos biogràficos del autor en las solapas
500 _aIncluye referencias bibliògraficas y notas al pie de las páginas
590 _aInventariado, 2021 / DG
650 4 _aAnexiòn (derecho internacional)
_96307
651 4 _aRepùblica Dominicana
_xHistoria
_y1865-1916
_96305
651 4 _aRepùblica Dominicana
_xPolìtica y gobierno
_ySiglo XIX
_96306
651 4 _aRepùblica Dominicana
_xRelaciones Exteriores
_zEstados Unidos
_96308
700 _aCastro, Tomás,
_d1959-
_ecuidado de edición
_924641
910 _aInventariado, 2021 / DG
942 _2ddc
_cLBS1
999 _c49466
_d49466